[Event "Titled Tuesday intern op 30th Apr Early"]
[Site "Chess.com INT"]
[Date "2024.04.30"]
[Round "5"]
[White "Bynum, Jacorey"]
[Black "Vingris, Mikelis"]
[Result "0-1"]
[WhiteElo "1966"]
[BlackElo "2139"]
[PlyCount "122"]
[EventDate "2024.04.30"]
[EventType "swiss (blitz)"]
[EventRounds "11"]
[EventCountry "USA"]
[SourceTitle "CB19_2024"]
[SourceDate "2024.05.08"]
[SourceVersion "1"]
[SourceVersionDate "2024.05.08"]
[SourceQuality "1"]

1. e4 c5 2. Nf3 d6 3. Bb5+ Nd7 4. Nc3 Ngf6 5. d4 cxd4 6. Qxd4 a6 7. Bxd7+ Bxd7 8. Bg5 e6 9. 0-0-0 Be7 10. e5 dxe5 11. Nxe5 Bc6 12. Nxc6 bxc6 13. Qc4 Qc7 14. Bxf6 Bxf6 15. Ne4 0-0 16. Nxf6+ gxf6 17. Rd3 Kh8 18. Qh4 Qe5 19. Kb1 Rg8 20. Rh3 Rg7 21. Rd1 Rag8 22. Re3 Qg5 23. Qxg5 Rxg5 24. g3 Rd5 25. Kc1 Rgd8 26. Rdd3 Kg7 27. Kd2 f5 28. c4 Rd4 29. c5 e5 30. a3 a5 31. b4 axb4 32. axb4 Kf6 33. Kc2 Rc4+ 34. Rc3 Rxb4 35. Ra3 Rc4+ 36. Rec3 Rxc3+ 37. Kxc3 e4 38. Ra6 Rc8 39. Kd4 Ke6 40. f3 exf3 41. Ke3 Kd5 42. Ra7 Kxc5 43. Rxf7 Kd5 44. Rxf5+ Ke6 45. Rh5 c5 46. Kxf3 c4 47. Ke2 c3 48. Kd1 Kf6 49. Rxh7 Kg5 50. h3 Kf5 51. Kc2 Ke4 52. Rf7 Ke3 53. h4 Rg8 54. Rc7 Kf2 55. Rxc3 Rg4 56. Re3 Kxe3 57. h5 Rxg3 58. h6 Rh3 59. h7 Rxh7 60. Kd1 Rh3 61. Kc2 Rf3 0-1

[Event "Titled Tuesday intern op 30th Apr Early"]
[Site "Chess.com INT"]
[Date "2024.04.30"]
[Round "9"]
[White "Vingris, Mikelis"]
[Black "Klinova, Masha"]
[Result "1-0"]
[WhiteElo "2139"]
[BlackElo "2235"]
[PlyCount "93"]
[EventDate "2024.04.30"]
[EventType "swiss (blitz)"]
[EventRounds "11"]
[EventCountry "USA"]
[SourceTitle "CB19_2024"]
[SourceDate "2024.05.08"]
[SourceVersion "1"]
[SourceVersionDate "2024.05.08"]
[SourceQuality "1"]

1. e4 d5 2. exd5 Qxd5 3. Nc3 Qd8 4. d4 Nf6 5. Nf3 Bg4 6. h3 Bh5 7. g4 Bg6 8. Ne5 Nbd7 9. Nxg6 hxg6 10. Bd3 e6 11. Be3 Bb4 12. a3 Ba5 13. b4 Bb6 14. Qf3 c6 15. Ne4 a5 16. Rb1 Nxe4 17. Bxe4 Qf6 18. g5 Qxf3 19. Bxf3 axb4 20. axb4 Ra2 21. Kd2 Ke7 22. Ra1 Rha8 23. Rxa2 Rxa2 24. Kc3 e5 25. Kb3 Ra8 26. c3 f6 27. h4 Ke6 28. Rd1 exd4 29. cxd4 Ke7 30. d5 c5 31. d6+ Ke8 32. Bxb7 Rb8 33. Bc6 Kd8 34. b5 Ne5 35. Rd5 c4+ 36. Kc2 Bxe3 37. fxe3 Rb6 38. Kc3 Rb8 39. Kb4 Rb6 40. Ka5 Rb8 41. Rc5 Kc8 42. Ka6 Kd8 43. Bd5 Nc6 44. Rxc6 c3 45. Rxc3 Rc8 46. Rxc8+ Kxc8 47. Be6+ 1-0

[Event "Roquetas de Mar op 35th"]
[Site "Roquetas de Mar"]
[Date "2024.01.07"]
[Round "9"]
[White "Stremavicius, Pijus"]
[Black "Vingris, Mikelis"]
[Result "1/2-1/2"]
[WhiteElo "2393"]
[BlackElo "2248"]
[PlyCount "60"]
[EventDate "2024.01.02"]
[EventType "swiss"]
[EventRounds "9"]
[EventCountry "ESP"]
[SourceTitle "CB02_2024"]
[SourceDate "2024.01.10"]
[SourceVersion "1"]
[SourceVersionDate "2024.01.10"]
[SourceQuality "1"]

1. d4 d5 2. Nf3 Nf6 3. e3 c6 4. Bd3 e6 5. Ne5 Nbd7 6. f4 Bd6 7. 0-0 c5 8. c3 0-0 9. Nd2 b6 10. Rf3 Bb7 11. Rh3 Ne4 12. Qh5 Ndf6 13. Qh4 h6 14. Ndf3 Nd7 15. Nxd7 Qxd7 16. g4 f6 17. g5 fxg5 18. fxg5 Be7 19. Qh5 Rf5 20. Rg3 Nxg3 21. hxg3 Rxf3 22. Qxf3 Bxg5 23. Bd2 Rf8 24. Qg4 Qe7 25. Rf1 Rxf1+ 26. Kxf1 Qf6+ 27. Ke2 c4 28. Bc2 Bc6 29. Qh5 Kf8 30. Bg6 Bd7 1/2-1/2

[Event "Riga Christmas"]
[Site "Riga"]
[Date "2023.12.06"]
[Round "4"]
[White "Eliseev, Sergey1"]
[Black "Vingris, Mikelis"]
[Result "0-1"]
[WhiteElo "2250"]
[BlackElo "2129"]
[PlyCount "96"]
[EventDate "2023.12.04"]
[EventType "tourn"]
[EventRounds "9"]
[EventCountry "LAT"]
[EventCategory "2"]
[SourceTitle "CB50_2023"]
[SourceDate "2023.12.13"]
[SourceVersion "1"]
[SourceVersionDate "2023.12.13"]
[SourceQuality "1"]

1. e4 c5 2. Nf3 d6 3. d4 cxd4 4. Nxd4 Nf6 5. Nc3 a6 6. Bg5 e6 7. f4 h6 8. Bh4 Nbd7 9. Qe2 e5 10. fxe5 dxe5 11. Nf5 Nb6 12. Qf3 Bxf5 13. Qxf5 Be7 14. Bd3 Qc7 15. 0-0-0 Rc8 16. Rhf1 0-0 17. Kb1 Rfd8 18. g4 Rd4 19. Bg3 Bd6 20. h4 Nc4 21. Bxc4 Rxc4 22. Rd3 Nxe4 23. Nxe4 Rxe4 24. c3 Rc4 25. Rfd1 g6 26. Qf1 Rc6 27. g5 Qe7 28. gxh6 Qe6 29. h5 g5 30. Rf3 Be7 31. Rf5 f6 32. Re1 e4 33. Rf2 Rc4 34. Rfe2 f5 35. Qh3 R8c6 36. Bf2 Kh7 37. Bd4 Rd6 38. Bg7 Bf6 39. Qg2 Rd3 40. Re3 Rxe3 41. Rxe3 f4 42. Re1 f3 43. Qd2 Qf5 44. Bxf6 e3+ 45. Qc2 Qxc2+ 46. Kxc2 f2 47. Kd1 fxe1Q+ 48. Kxe1 Kxh6 0-1

[Event "Riga Christmas"]
[Site "Riga"]
[Date "2023.12.05"]
[Round "2"]
[White "Valdats, Reinis"]
[Black "Vingris, Mikelis"]
[Result "1-0"]
[WhiteElo "2154"]
[BlackElo "2129"]
[PlyCount "81"]
[EventDate "2023.12.04"]
[EventType "tourn"]
[EventRounds "9"]
[EventCountry "LAT"]
[EventCategory "2"]
[SourceTitle "CB50_2023"]
[SourceDate "2023.12.13"]
[SourceVersion "1"]
[SourceVersionDate "2023.12.13"]
[SourceQuality "1"]

1. e4 c5 2. Nf3 d6 3. d4 cxd4 4. Nxd4 Nf6 5. Nc3 a6 6. Be3 e5 7. Nb3 Be6 8. f3 h5 9. Qd2 Be7 10. 0-0-0 Nbd7 11. Kb1 Rc8 12. h3 h4 13. f4 b5 14. Bd3 Qc7 15. a3 Nb6 16. f5 Nc4 17. Bxc4 Bxc4 18. Bg5 a5 19. Bxf6 gxf6 20. Nd5 Bxd5 21. exd5 b4 22. axb4 axb4 23. Rhe1 Qc4 24. Re3 Bd8 25. Rde1 Ra8 26. Re4 Qa6 27. Qe2 Qa2+ 28. Kc1 Rb8 29. Qc4 Rg8 30. Rxh4 Ke7 31. Rg4 Rh8 32. Qc6 Rb6 33. Qc8 Qa7 34. Rg7 Re8 35. Qe6+ Kf8 36. Rg8+ Kxg8 37. Qxe8+ Kg7 38. Re4 Kh6 39. Qh8+ Kg5 40. Qh4+ Kxf5 41. Qg4# 1-0

[Event "Wch U14"]
[Site "Montesilvano"]
[Date "2023.11.14"]
[Round "2"]
[White "Vingris, Mikelis"]
[Black "Hernandez Mendez, Iker"]
[Result "1-0"]
[WhiteElo "2127"]
[BlackElo "1919"]
[PlyCount "87"]
[EventDate "2023.11.13"]
[EventType "swiss"]
[EventRounds "11"]
[EventCountry "ITA"]
[SourceTitle "CB48_2023"]
[SourceDate "2023.11.29"]
[SourceVersion "1"]
[SourceVersionDate "2023.11.29"]
[SourceQuality "1"]

1. e4 d6 2. d4 Nf6 3. Nc3 g6 4. Be3 Bg7 5. Qd2 c6 6. f3 Qa5 7. g4 b5 8. h4 b4 9. Nce2 h5 10. g5 Nfd7 11. Nh3 Nb6 12. Nc1 Ba6 13. Nb3 Qa4 14. Bxa6 Nxa6 15. Qe2 c5 16. 0-0 c4 17. Nc1 Rc8 18. c3 bxc3 19. bxc3 Qa3 20. Qc2 Na4 21. Ne2 Nb4 22. Qc1 Qxc1 23. Rfxc1 Nd3 24. Rcb1 Ndb2 25. Nf2 0-0 26. Nd1 Rb8 27. Nxb2 Nxb2 28. f4 Rb7 29. f5 Rfb8 30. Rf1 Na4 31. f6 Bf8 32. Bc1 e6 33. Ba3 d5 34. Bxf8 Kxf8 35. exd5 exd5 36. Rac1 Rb2 37. Nf4 Rxa2 38. Rfe1 Nb6 39. Re5 Re8 40. Rxe8+ Kxe8 41. Re1+ Kf8 42. Re7 Kg8 43. Re8+ Kh7 44. Re7 1-0

[Event "Vienna Ottakring 100 Years"]
[Site "Vienna"]
[Date "2023.09.03"]
[Round "9"]
[White "Gschiel, Alexander"]
[Black "Vingris, Mikelis"]
[Result "0-1"]
[WhiteElo "2265"]
[BlackElo "2116"]
[PlyCount "76"]
[EventDate "2023.08.26"]
[EventType "swiss"]
[EventRounds "9"]
[EventCountry "AUT"]
[SourceTitle "EXT 2024"]
[Source "ChessBase"]
[SourceDate "2023.10.10"]
[SourceVersion "1"]
[SourceVersionDate "2023.10.10"]
[SourceQuality "1"]

1. Nf3 c5 2. c4 g6 3. Nc3 Bg7 4. e3 d6 5. g3 Nc6 6. Bg2 e5 7. 0-0 Nge7 8. Ne1 0-0 9. a3 Be6 10. Nd5 Rb8 11. Nc2 Na5 12. Qe2 Nb3 13. Rb1 Nxd5 14. cxd5 Bd7 15. Qc4 Qb6 16. Rd1 Na5 17. Qa2 Nb3 18. Bf1 Ba4 19. Bc4 e4 20. d3 exd3 21. Bxd3 Nxc1 22. Rdxc1 Bb3 23. Qa1 Bxd5 24. e4 Qb3 25. Rd1 Be6 26. Ne3 Bd4 27. Nc2 Bg7 28. Ne3 Rbd8 29. Bc2 Qa2 30. Qxa2 Bxa2 31. Ra1 Be6 32. Nd5 Bd4 33. Rab1 Bxd5 34. exd5 Rfe8 35. Bd3 Re5 36. b4 Rxd5 37. bxc5 dxc5 38. Rxb7 Bf6 0-1

[Event "World ol U16"]
[Site "Eindhoven"]
[Date "2023.08.18"]
[Round "9.9"]
[White "Vingris, Mikelis"]
[Black "Cnejev, Vladimir Alexandru"]
[Result "0-1"]
[WhiteElo "2116"]
[BlackElo "2352"]
[PlyCount "114"]
[EventDate "2023.08.13"]
[EventType "team-swiss"]
[EventRounds "9"]
[EventCountry "NED"]
[SourceTitle "CBM 215 Extra"]
[Source "ChessBase"]
[SourceDate "2023.09.30"]
[SourceVersion "1"]
[SourceVersionDate "2023.09.30"]
[SourceQuality "1"]
[WhiteTeam "Latvia"]
[BlackTeam "Romania"]
[WhiteTeamCountry "LAT"]
[BlackTeamCountry "ROU"]

1. e4 e5 2. Nc3 Bc5 3. Bc4 Nf6 4. d3 Nc6 5. Nf3 d6 6. h3 a6 7. a4 h6 8. 0-0 g5 9. Nh2 g4 10. hxg4 Rg8 11. Be3 Bxg4 12. Nxg4 Nxg4 13. Qf3 Qd7 14. Ne2 Rg6 15. Ng3 Nd4 16. Bxd4 Bxd4 17. Nf5 Ba7 18. b4 0-0-0 19. Bxf7 Rg5 20. Bc4 Rf8 21. a5 Nxf2 22. Rxf2 Rfxf5 23. exf5 Rxf5 24. Kh1 Bxf2 25. Qh3 Bd4 26. Rb1 Rf6 27. b5 axb5 28. Bxb5 c6 29. Ba4 Qxh3+ 30. gxh3 Bc3 31. a6 b5 32. Bb3 Kb8 33. Rg1 Ka7 34. Rg7+ Kxa6 35. Kg2 d5 36. Re7 Kb6 37. Kg3 Kc5 38. Kg4 Kd4 39. Rd7 Ke3 40. h4 e4 41. Re7 Rf4+ 42. Kg3 Be1+ 43. Kg2 Bxh4 44. Re6 Rf6 45. Re8 Kd4 46. dxe4 dxe4 47. Kh3 Bg5 48. Kg4 Rf4+ 49. Kg3 e3 50. Re6 Rf6 51. Re8 c5 52. Bg8 Kc3 53. Bh7 c4 54. Kg4 Rf4+ 55. Kg3 Rf2 56. Rb8 Bf4+ 57. Kg4 Bxb8 0-1

[Event "LAT-ch"]
[Site "Riga"]
[Date "2023.05.04"]
[Round "7"]
[White "Kantans, Toms"]
[Black "Vingris, Mikelis"]
[Result "1-0"]
[WhiteElo "2480"]
[BlackElo "2051"]
[PlyCount "49"]
[EventDate "2023.04.29"]
[EventType "swiss"]
[EventRounds "9"]
[EventCountry "LAT"]
[SourceTitle "EXT 2024"]
[Source "ChessBase"]
[SourceDate "2023.10.10"]
[SourceVersion "1"]
[SourceVersionDate "2023.10.10"]
[SourceQuality "1"]

1. e4 c5 2. Nc3 Nc6 3. Nf3 e5 4. Bc4 Be7 5. d3 d6 6. a3 Nf6 7. h3 a6 8. Bg5 b5 9. Bxf6 Bxf6 10. Bd5 Bd7 11. 0-0 Rb8 12. a4 Qb6 13. axb5 axb5 14. Nh2 Ne7 15. Qh5 Ng6 16. Ng4 0-0 17. Nxf6+ gxf6 18. Qh6 Qd8 19. Ne2 f5 20. Ng3 Qf6 21. Nh5 Qh8 22. Ra7 Rbd8 23. exf5 Bxf5 24. g4 Bc8 25. g5 1-0

[Event "Kragero op"]
[Site "Kragero"]
[Date "2023.02.25"]
[Round "8"]
[White "Hammari, Vinjar"]
[Black "Vingris, Mikelis"]
[Result "0-1"]
[WhiteElo "1896"]
[BlackElo "2030"]
[PlyCount "70"]
[EventDate "2023.02.22"]
[EventType "swiss"]
[EventRounds "9"]
[EventCountry "NOR"]
[SourceTitle "CBM 212 Extra"]
[Source "ChessBase"]
[SourceDate "2023.03.31"]
[SourceVersion "1"]
[SourceVersionDate "2023.03.31"]
[SourceQuality "1"]

1. d4 Nf6 2. c4 c5 3. d5 b5 4. cxb5 a6 5. bxa6 g6 6. Nc3 Bg7 7. e4 0-0 8. e5 Ne8 9. h4 d6 10. e6 fxe6 11. h5 e5 12. hxg6 hxg6 13. Bd3 Bf5 14. g4 Bxd3 15. Qxd3 Nf6 16. g5 e4 17. Qe2 Nh5 18. Qxe4 Qe8 19. Nge2 Qf7 20. Be3 Qf3 21. Qxf3 Rxf3 22. Rxh5 gxh5 23. Nf4 Be5 24. Nce2 Nd7 25. Kf1 Bxf4 26. Nxf4 Rxa6 27. Ke2 Ne5 28. b3 h4 29. Bd2 h3 30. Ng6 Rxb3 31. Nxe7+ Kf7 32. f4 Kxe7 33. fxe5 dxe5 34. g6 Rg3 35. Be3 Kd6 0-1

[Event "Kragero op"]
[Site "Kragero"]
[Date "2023.02.24"]
[Round "5"]
[White "Vingris, Mikelis"]
[Black "Domalchuk Jonasson, Aleksandr"]
[Result "0-1"]
[WhiteElo "2030"]
[BlackElo "2336"]
[PlyCount "118"]
[EventDate "2023.02.22"]
[EventType "swiss"]
[EventRounds "9"]
[EventCountry "NOR"]
[SourceTitle "CBM 212 Extra"]
[Source "ChessBase"]
[SourceDate "2023.03.31"]
[SourceVersion "1"]
[SourceVersionDate "2023.03.31"]
[SourceQuality "1"]

1. e4 e5 2. Bc4 Nf6 3. d3 Nc6 4. c3 h6 5. Nf3 d6 6. Nbd2 g5 7. Nf1 Bg7 8. Ne3 0-0 9. h3 Be6 10. Bb3 d5 11. exd5 Nxd5 12. Nxd5 Bxd5 13. 0-0 Qd7 14. Be3 Rad8 15. Bc2 f5 16. Qe2 Rfe8 17. Rfd1 g4 18. hxg4 f4 19. Bc5 Qxg4 20. c4 Nd4 21. Bxd4 exd4 22. Qxe8+ Rxe8 23. cxd5 Kh7 24. Re1 Qd7 25. Bb3 a5 26. a4 Rxe1+ 27. Rxe1 b5 28. Re6 bxa4 29. Bc4 Qd8 30. Ra6 Bf8 31. Nxd4 Qb8 32. Nb5 Bc5 33. Rc6 Bd6 34. Ra6 Qe8 35. Nxd6 Qe1+ 36. Kh2 cxd6 37. f3 Qb4 38. Ra8 Kg7 39. Ra7+ Kf6 40. Rh7 Qxb2 41. Rxh6+ Ke5 42. Re6+ Kf5 43. Rxd6 a3 44. Ra6 a2 45. Bxa2 Qxa2 46. d6 Ke6 47. Kh3 a4 48. Kg4 a3 49. Kxf4 Qb2 50. g4 a2 51. g5 a1R 52. Rxa1 Qxa1 53. Kg4 Qd4+ 54. f4 Qxd3 55. Kh5 Qxd6 56. Kg6 Qd3+ 57. Kg7 Kf5 58. Kh6 Qd7 59. g6 Qc6 0-1

[Event "Riga Tech Rapid op"]
[Site "Riga"]
[Date "2022.08.14"]
[Round "6"]
[White "Pidluznij, Gleb"]
[Black "Vingris, Mikelis"]
[Result "1-0"]
[WhiteElo "1977"]
[BlackElo "1811"]
[PlyCount "119"]
[EventDate "2022.08.14"]
[EventType "swiss (rapid)"]
[EventRounds "9"]
[EventCountry "LAT"]
[SourceTitle "CBM 209 Extra"]
[Source "ChessBase"]
[SourceDate "2022.09.30"]
[SourceVersion "1"]
[SourceVersionDate "2022.09.30"]
[SourceQuality "1"]

1. d4 Nf6 2. Bg5 c5 3. Bxf6 exf6 4. c3 d5 5. e3 Nc6 6. Ne2 Be7 7. g3 0-0 8. Bg2 Be6 9. Nd2 Rc8 10. 0-0 Qb6 11. Qb3 Rfd8 12. Nf4 Qxb3 13. Nxb3 b6 14. Rfd1 g5 15. Nxe6 fxe6 16. e4 dxe4 17. Bxe4 cxd4 18. Bxc6 Rxc6 19. Nxd4 Rcd6 20. Re1 Kf7 21. Re2 e5 22. Nf5 Rd2 23. Kf1 Rd1+ 24. Rxd1 Rxd1+ 25. Kg2 h5 26. h3 Bc5 27. g4 h4 28. b4 Bf8 29. Ne3 Rd3 30. Rc2 Ke6 31. Kf3 b5 32. Ke2 Rd7 33. a4 a6 34. axb5 axb5 35. Ra2 Rb7 36. Ra6+ Kf7 37. Nd5 Be7 38. Kd3 Bd8 39. f3 Rd7 40. Ke4 Kg6 41. Ra8 Rd6 42. Rb8 Kf7 43. Rxb5 Ke6 44. Rc5 Ra6 45. b5 Ra4+ 46. c4 Ra1 47. Rc6+ Kf7 48. Rd6 Re1+ 49. Kf5 Rf1 50. Rxd8 Rxf3+ 51. Ke4 Rxh3 52. Rd7+ Kg6 53. Ne7+ Kg7 54. b6 Rb3 55. Nf5+ Kg8 56. b7 h3 57. Rd8+ Kh7 58. b8Q Rxb8 59. Rxb8 h2 60. Rb1 1-0

[Event "EU-ch Rapid"]
[Site "Katowice"]
[Date "2021.12.18"]
[Round "2"]
[White "Blohberger, Felix"]
[Black "Vingris, Mikelis"]
[Result "1-0"]
[WhiteElo "2503"]
[BlackElo "1749"]
[PlyCount "77"]
[EventDate "2021.12.18"]
[EventType "swiss (rapid)"]
[EventRounds "11"]
[EventCountry "POL"]
[SourceTitle "CBM 205 Extra"]
[Source "ChessBase"]
[SourceDate "2022.01.31"]
[SourceVersion "1"]
[SourceVersionDate "2022.01.31"]
[SourceQuality "1"]

1. Nf3 c5 2. g3 Nc6 3. Bg2 e5 4. d3 d6 5. 0-0 g6 6. c4 Bg7 7. Nc3 Nge7 8. Ne1 0-0 9. Nc2 Be6 10. Rb1 a5 11. Ne3 h6 12. Ned5 f5 13. a3 Kh7 14. Bd2 Rb8 15. b4 axb4 16. axb4 Bxd5 17. Nxd5 Nxd5 18. Bxd5 Ne7 19. Bg2 cxb4 20. Rxb4 Qc7 21. Rb5 Nc6 22. e3 Na7 23. Rd5 b5 24. Bb4 Rf6 25. c5 dxc5 26. Rxc5 Qf7 27. Rxe5 Nc6 28. Bxc6 Rxc6 29. Re7 Qf6 30. Qb3 Kh8 31. Rf7 Qe5 32. d4 Qe4 33. Re7 Qc2 34. Qf7 Rg8 35. Bc5 Qa4 36. Ra7 Qc2 37. Bf8 Qc4 38. Bxg7+ Kh7 39. Be5+ 1-0